[Event "Berlin East AdW 5th"]
[Site "Berlin East"]
[Date "1988.??.??"]
[Round "7"]
[White "Kubicek, Antonin"]
[Black "Hass, Roman"]
[Result "1/2-1/2"]
[WhiteElo "2295"]
[BlackElo "2330"]
[PlyCount "181"]
[EventDate "1988.11.08"]
[EventType "tourn"]
[EventRounds "9"]
[EventCountry "DDR"]
[EventCategory "5"]
[SourceTitle "EXT 2001"]
[Source "ChessBase"]
[SourceDate "2000.11.22"]
[SourceVersion "1"]
[SourceVersionDate "2000.11.22"]
[SourceQuality "1"]

1. d4 Nf6 2. Nf3 d6 3. Bg5 Nbd7 4. c3 h6 5. Bf4 b6 6. h3 Ba6 7. a4 e6 8. Na3 Be7 9. b4 0-0 10. Qb3 c5 11. b5 Bb7 12. e3 cxd4 13. cxd4 Rc8 14. Be2 Nd5 15. Bh2 Rc3 16. Qb2 Qc7 17. Nd2 e5 18. 0-0 exd4 19. exd4 Bf6 20. Ne4 Re8 21. Nxd6 Re6 22. Nxb7 Qxb7 23. Rfd1 Re4 24. Bf3 Rxd4 25. Rxd4 Bxd4 26. Rd1 Rxf3 27. Qxd4 Rf6 28. Nc4 Re6 29. Bg3 N7f6 30. Ne5 Qe7 31. Nc6 Qc5 32. Kh2 a5 33. Qd2 Ne4 34. Qd3 Nef6 35. Bh4 g6 36. Bxf6 Nxf6 37. Qd8+ Kg7 38. Qd4 Qxd4 39. Rxd4 Re2 40. Kg3 Ra2 41. Na7 Rc2 42. Kf3 Rc5 43. Nc6 Nd5 44. Ke4 Nc3+ 45. Kd3 Nd1 46. Nb8 Nb2+ 47. Ke2 Rc2+ 48. Ke3 Rc3+ 49. Ke4 Ra3 50. Kd5 Nxa4 51. Nd7 Nc3+ 52. Kc4 Ne2 53. Rd2 Ra4+ 54. Kd5 Nc3+ 55. Kc6 Rb4 56. Nxb6 Nxb5 57. Ra2 Nd4+ 58. Kc5 Nb3+ 59. Kc6 g5 60. Nd5 Rc4+ 61. Kd6 Rd4 62. Ke5 Rd2 63. Ra3 Nd4 64. g3 Nc6+ 65. Kd6 Nb4 66. Rxa5 Nxd5 67. Rxd5 Rxf2 68. Rd3 h5 69. Ke5 Kg6 70. Re3 Rf6 71. Ra3 Re6+ 72. Kd4 Re1 73. Kd5 g4 74. h4 Rf1 75. Kd4 Re1 76. Rb3 Re6 77. Ra3 f5 78. Ra8 Re4+ 79. Kd5 Re3 80. Ra6+ Kf7 81. Ra7+ Kf8 82. Ra8+ Ke7 83. Ra7+ Kd8 84. Ra8+ Kc7 85. Rf8 Rxg3 86. Rxf5 Ra3 87. Ke4 g3 88. Rxh5 g2 89. Rg5 Ra4+ 90. Kf3 Rxh4 91. Kxg2 1/2-1/2

[Event "Primorsko"]
[Site "Primorsko"]
[Date "1988.??.??"]
[Round "?"]
[White "Schlosser, Philipp"]
[Black "Hass, Roman"]
[Result "1-0"]
[WhiteElo "2385"]
[BlackElo "2335"]
[PlyCount "75"]
[EventDate "1988.??.??"]
[EventType "tourn"]
[EventRounds "11"]
[EventCountry "BUL"]
[EventCategory "7"]
[SourceTitle "EXT 2002"]
[Source "ChessBase"]
[SourceDate "2001.11.25"]
[SourceVersion "1"]
[SourceVersionDate "2001.11.25"]
[SourceQuality "1"]

1. e4 c5 2. Nf3 e6 3. d4 cxd4 4. Nxd4 Nc6 5. Nb5 d6 6. Bf4 e5 7. Be3 Nf6 8. Bg5 a6 9. Bxf6 gxf6 10. N5c3 Be6 11. Nd5 Bxd5 12. Qxd5 Qb6 13. Bc4 0-0-0 14. Bb3 Nd4 15. Nc3 Bh6 16. Qxf7 Rhg8 17. 0-0 Kb8 18. Nd5 Qa5 19. c3 Nf3+ 20. Kh1 Nd2 21. Qh5 Bg5 22. Rfe1 Rg6 23. Ne7 Rh6 24. Qe2 Nxb3 25. axb3 Qc7 26. Nf5 Rg6 27. Red1 Bh6 28. b4 Bf8 29. Rd5 Rc8 30. Rda5 Qc4 31. Qxc4 Rxc4 32. f3 Kc7 33. Ne3 Rc6 34. b5 axb5 35. Nd5+ Kd7 36. Rxb5 b6 37. Ra7+ Ke6 38. Rxh7 1-0

[Event "Berlin East AdW 5th"]
[Site "Berlin East"]
[Date "1988.??.??"]
[Round "3"]
[White "Seils, Joerg"]
[Black "Hass, Roman"]
[Result "0-1"]
[WhiteElo "2250"]
[BlackElo "2330"]
[PlyCount "112"]
[EventDate "1988.11.08"]
[EventType "tourn"]
[EventRounds "9"]
[EventCountry "DDR"]
[EventCategory "5"]
[SourceTitle "EXT 2001"]
[Source "ChessBase"]
[SourceDate "2000.11.22"]
[SourceVersion "1"]
[SourceVersionDate "2000.11.22"]
[SourceQuality "1"]

1. e4 c5 2. Nc3 Nc6 3. g3 g6 4. Bg2 Bg7 5. d3 d6 6. f4 Nf6 7. Nf3 Bg4 8. h3 Bxf3 9. Qxf3 0-0 10. g4 Rc8 11. 0-0 Nd4 12. Qf2 b5 13. Be3 b4 14. Nd1 Qa5 15. Qd2 Qa4 16. Rf2 Nd7 17. f5 Nb6 18. Bh6 Qxc2 19. Qxc2 Nxc2 20. Bxg7 Nxa1 21. Bxf8 Kxf8 22. fxg6 hxg6 23. b3 a5 24. Ne3 a4 25. bxa4 Ra8 26. e5 Rxa4 27. e6 f6 28. g5 f5 29. h4 Kg8 30. h5 f4 31. Nd5 Nxd5 32. Bxd5 gxh5 33. Rxf4 Ra3 34. Bc4 d5 35. Bxd5 Rxd3 36. Bc4 Rg3+ 37. Kh2 Rxg5 38. Rf7 Rg4 39. Bb5 Nc2 40. Rxe7 Nd4 41. Re8+ Kg7 42. e7 Kf7 43. Rc8 Kxe7 44. Rxc5 Nxb5 45. Rxb5 h4 46. Kh3 Rc4 47. Rb6 Kd7 48. Rh6 Kc7 49. Kg2 Rc2+ 50. Kf3 h3 51. Ke4 h2 52. Kd3 Rxa2 53. Kc4 Rb2 54. Kd5 Rc2 55. Kd4 b3 56. Kd3 Rg2 0-1

[Event "EU-Cup 06th round of 32"]
[Site "Rotterdam"]
[Date "1987.06.06"]
[Round "1.1"]
[White "Kuijf, Marinus"]
[Black "Hass, Roman"]
[Result "1-0"]
[WhiteElo "2470"]
[BlackElo "2270"]
[PlyCount "123"]
[EventDate "1987.06.06"]
[EventType "team-match"]
[EventRounds "2"]
[EventCountry "NED"]
[SourceTitle "EXT 2020"]
[Source "ChessBase"]
[SourceDate "2019.10.17"]
[SourceVersion "1"]
[SourceVersionDate "2019.10.17"]
[SourceQuality "1"]
[WhiteTeam "Rotterdam Volmac"]
[BlackTeam "Warszawa Legion"]
[WhiteTeamCountry "NED"]
[BlackTeamCountry "POL"]

1. e4 c5 2. Ne2 Nc6 3. d4 cxd4 4. Nxd4 Nf6 5. Nc3 d6 6. Be3 e5 7. Nb3 Be7 8. Bc4 0-0 9. 0-0 a5 10. a4 Nb4 11. f3 Be6 12. Bxe6 fxe6 13. Nb5 d5 14. c3 Na6 15. exd5 exd5 16. Qe2 Qc8 17. Kh1 Nb8 18. Bb6 Nbd7 19. Bc7 Bd8 20. Bxe5 Re8 21. f4 Ne4 22. Nd2 Nxe5 23. fxe5 Rxe5 24. Nxe4 dxe4 25. Rf4 e3 26. Rf3 Bg5 27. Nd6 Qc5 28. Nf7 Re4 29. Qd3 Re6 30. Rf5 e2 31. Re1 Qe3 32. Qd5 Bh4 33. g3 Bf6 34. Ne5 Rae8 35. Ng4 Qe4+ 36. Qxe4 Rxe4 37. Nxf6+ gxf6 38. Rxf6 Rd8 39. Kg2 Rd2 40. Rb6 Re7 41. Kf2 Rc2 42. Kg2 Rf7 43. Rb5 Rd2 44. Re5 Rxb2 45. R1xe2 Rxe2+ 46. Rxe2 Rc7 47. Re8+ Kf7 48. Rb8 Kg6 49. Ra8 Rxc3 50. Rxa5 Rc4 51. Kf3 h5 52. Ra8 Rc2 53. h4 Rb2 54. Ke4 Kh6 55. Kd4 Rb3 56. Rh8+ Kg7 57. Rxh5 Rb4+ 58. Ke3 Rxa4 59. Rb5 Ra7 60. Kf4 Kg8 61. Kg5 Kh8 62. g4 1-0

[Event "Warsaw Cup"]
[Site "Warsaw"]
[Date "1987.??.??"]
[Round "5"]
[White "Adamski, Andrzej"]
[Black "Hass, Roman"]
[Result "0-1"]
[WhiteElo "2310"]
[BlackElo "2270"]
[PlyCount "59"]
[EventDate "1987.04.??"]
[EventType "swiss"]
[EventRounds "11"]
[EventCountry "POL"]
[SourceTitle "EXT 2001"]
[Source "ChessBase"]
[SourceDate "2000.11.22"]
[SourceVersion "1"]
[SourceVersionDate "2000.11.22"]
[SourceQuality "1"]

1. e4 d5 2. exd5 Nf6 3. c4 c6 4. d4 cxd5 5. Nc3 e6 6. Nf3 Bb4 7. cxd5 Nxd5 8. Bd2 0-0 9. Bd3 Nc6 10. 0-0 Be7 11. Rc1 Ndb4 12. Bb1 Nxd4 13. Nxd4 Qxd4 14. Nb5 Qd7 15. Nc7 Rb8 16. Qh5 g6 17. Qh6 Rd8 18. Bc3 Bf8 19. Qf4 Nc6 20. Be4 Qd6 21. Qf6 e5 22. Qxd6 Bxd6 23. Nb5 Nd4 24. Nxd4 exd4 25. Bxd4 Bxh2+ 26. Kxh2 Rxd4 27. Bf3 Be6 28. Rfd1 Rdd8 29. Rxd8+ Rxd8 30. Rc7 0-1